| 000 | 00751nam a2200265Ia 4500 | ||
|---|---|---|---|
| 003 | OSt | ||
| 005 | 20220918192703.0 | ||
| 006 | a|||||r|||| 00| 0 | ||
| 007 | ta | ||
| 008 | 220917b |||||||| |||| 00| 0 eng d | ||
| 024 | _a69,626 | ||
| 037 | _cTextual | ||
| 040 |
_aARTS _cARTS _beng |
||
| 041 |
_2eng _aeng |
||
| 082 | _aQ4, E4;L4 | ||
| 100 |
_aSaint-Hilaire J Barthelmy _979799 |
||
| 245 | 0 | _aBuddha and his religion | |
| 260 |
_aVaranasi _bBharatiya Publishing House India _c1914 |
||
| 300 |
_a384p. _ccm. |
||
| 500 | _aAppendix 371-84p | ||
| 650 | _aRELIGION; BUDDHISM | ||
| 700 |
_a Ensor Laura Tr. _979800 |
||
| 942 |
_hQ4, E4;L4 _cTEXL _2CC |
||
| 999 |
_c195766 _d195766 |
||